Kardaveraz aitari omenaldia / (Record no. 40185)

MARC details
000 -LEADER
campo de control de longitud fija 00683nam a2200217 i 4500
001 - NÚMERO DE CONTROL
campo de control 40185
003 - IDENTIFICADOR DE NÚMERO DE CONTROL
campo de control ES-MaACL
005 - FECHA Y HORA DE LA ÚLTIMA TRANSACCIÓN
campo de control 20230906160145.0
007 - CAMPO FIJO DE DESCRIPCIÓN FÍSICA--INFORMACIÓN GENERAL
campo de control de longitud fija t|
008 - DATOS DE LONGITUD FIJA--INFORMACIÓN GENERAL
campo de control de longitud fija 030305s1971 sp ||||1| baq d
245 00 - MENCIÓN DEL TÍTULO
Título Kardaveraz aitari omenaldia /
Mención de responsabilidad, etc. Jazinto Argaia ... [et al.].
260 ## - PUBLICACIÓN, DISTRIBUCIÓN, ETC.
Lugar de publicación, distribución, etc. Donosti :
Nombre del editor, distribuidor, etc. Kardaberaz Bazkuna,
Fecha de publicación, distribución, etc. 1971.
300 ## - DESCRIPCIÓN FÍSICA
Extensión 198 p., 4 lám. pleg. ;
Dimensiones 22 cm.
490 1# - MENCIÓN DE SERIE
Mención de serie Kardaberaz Bilduma ;
Designación de volumen o secuencia 1
504 ## - NOTA DE BIBLIOGRAFÍA, ETC.
Nota de bibliografía, etc. Bibliografía.
700 1# - ENTRADA AGREGADA--NOMBRE PERSONAL
Nombre de persona Argaia, Jazinto
Títulos y otros términos asociados al nombre , Obispo de San Sebastián.
9 (RLIN) 22672
700 1# - ENTRADA AGREGADA--NOMBRE PERSONAL
Nombre de persona Cardaberaz, Agustín.
9 (RLIN) 35115
830 0# - PUNTO DE ACCESO ADICIONAL DE SERIE-TÍTULO UNIFORME
Título uniforme Kardaberaz Bilduma ;
Designación de volumen o secuencia 1
9 (RLIN) 181842
852 ## - LOCALIZACIÓN
Ubicación ES-MaACL
Número de control de estantería C-46288
Sublocalización o colección R.81882
Holdings
Estatus retirado Estado de pérdida Estado de daño No para préstamo Biblioteca de origen Biblioteca actual Ubicación en estantería Fecha de adquisición Fuente de adquisición Total de préstamos Signatura topográfica completa Código de barras Visto por última vez Precio de reemplazo Tipo de ítem Koha
        Biblioteca del Ateneo de Madrid Biblioteca del Ateneo de Madrid Depósito 2 17/01/2008     C-46288 1042308 23/02/2023 23/02/2023 Libro impreso